[Event "CAN-op U2000 (Pinnacle 48th CAN Op Ch)"]
[Site "Toronto CAN"]
[Date "2011.07.13"]
[Round "5"]
[White "Yu, Jonathan"]
[Black "Moran-Venegas, Mario"]
[Result "1-0"]
[WhiteElo "1871"]
[BlackElo "1864"]
[PlyCount "101"]
[GameId "2160767909703733"]
[EventDate "2011.07.09"]
[EventType "swiss"]
[EventRounds "9"]
[EventCountry "CAN"]
[SourceTitle "hb 2011"]

1. e4 c5 2. Nf3 d6 3. Bb5+ Bd7 4. Bxd7+ Nxd7 5. O-O g6 6. d4 Bg7 7. c3 Ngf6 8. Re1 Qc7 9. e5 dxe5 10. dxe5 Ng4 11. e6 Nde5 12. exf7+ Nxf7 13. Qa4+ Qd7 14. Qxd7+ Kxd7 15. h3 Nge5 16. Nxe5+ Bxe5 17. Na3 b6 18. Nc4 Bf6 19. Bf4 Rhd8 20. a4 Ke8 21. Re2 Rd7 22. Rae1 Rad8 23. a5 b5 24. Nd2 g5 25. Ne4 Kf8 26. Be3 c4 27. Nc5 Ne5 28. Nxd7+ Rxd7 29. Bxg5 Nd3 30. Bh6+ Kf7 31. Rf1 Rb7 32. Be3 a6 33. g4 b4 34. Bd4 Nf4 35. Re3 Bxd4 36. cxd4 Nd5 37. Re5 e6 38. Rc1 Rb5 39. Rxc4 Rxa5 40. Rxd5 exd5 41. Rxb4 Ra1+ 42. Kg2 h5 43. Kg3 hxg4 44. hxg4 Rf1 45. f4 Ra1 46. f5 Rd1 47. Kf4 Rd2 48. Rb7+ Kg8 49. Ke5 Rg2 50. Rb6 Rxg4 51. Rg6+ 1-0

[Event "CAN-op U2000 (Pinnacle 48th CAN Op Ch)"]
[Site "Toronto CAN"]
[Date "2011.07.14"]
[Round "6"]
[White "Allen, Ted"]
[Black "Yang, Bryant"]
[Result "0-1"]
[WhiteElo "1564"]
[BlackElo "1618"]
[PlyCount "44"]
[GameId "2160767909703735"]
[EventDate "2011.07.09"]
[EventType "swiss"]
[EventRounds "9"]
[EventCountry "CAN"]
[SourceTitle "EXT 2022"]
[Source "ChessBase"]
[SourceDate "2021.10.06"]
[SourceVersion "1"]
[SourceVersionDate "2021.10.06"]
[SourceQuality "1"]

1. e4 e5 2. Nf3 Nc6 3. Bb5 a6 4. Ba4 Nf6 5. Nc3 d6 6. d4 b5 7. Bb3 Bg4 8. dxe5 Nxe5 9. Bg5 Be7 10. h3 Nxf3+ 11. gxf3 Be6 12. Bxe6 fxe6 13. Rg1 Nd7 14. Qd2 Ne5 15. Qe3 Bxg5 16. f4 Nc4 17. Qf3 Bf6 18. Qh5+ g6 19. Qg4 Bxc3+ 20. bxc3 Qf6 21. Qf3 O-O 22. Rg4 Ne5 0-1

[Event "CAN-op U2000 (Pinnacle 48th CAN Op Ch)"]
[Site "Toronto CAN"]
[Date "2011.07.14"]
[Round "6"]
[White "Armstrong, Robert J"]
[Black "Gillis, Doug"]
[Result "1/2-1/2"]
[WhiteElo "1740"]
[BlackElo "1616"]
[PlyCount "68"]
[GameId "2160767909703736"]
[EventDate "2011.07.09"]
[EventType "swiss"]
[EventRounds "9"]
[EventCountry "CAN"]
[SourceTitle "EXT 2022"]
[Source "ChessBase"]
[SourceDate "2021.10.06"]
[SourceVersion "1"]
[SourceVersionDate "2021.10.06"]
[SourceQuality "1"]

1. d4 Nf6 2. c4 e6 3. Nf3 Bb4+ 4. Bd2 Qe7 5. a3 Bxd2+ 6. Qxd2 d5 7. e3 O-O 8. Nc3 dxc4 9. Bxc4 c5 10. O-O b6 11. Rfe1 Bb7 12. Rad1 Bxf3 13. gxf3 cxd4 14. Qxd4 Nc6 15. Qh4 Qc5 16. Kh1 Ne5 17. Be2 Ng6 18. Qh3 Rfd8 19. Rg1 Rd7 20. Rxd7 Nxd7 21. Bd3 Nf6 22. Ne4 Nxe4 23. Bxe4 Rd8 24. Bxg6 hxg6 25. b4 Qc3 26. Qh4 Rd7 27. a4 Qc6 28. Qf4 Qxa4 29. Qb8+ Kh7 30. Rg3 Qd1+ 31. Kg2 Rd8 32. Rh3+ Kg8 33. Qxa7 Qd6 34. Rh4 Rd7 1/2-1/2

[Event "CAN-op U2000 (Pinnacle 48th CAN Op Ch)"]
[Site "Toronto CAN"]
[Date "2011.07.14"]
[Round "6"]
[White "Chuchin, Sasha"]
[Black "Cortez, Pacifico"]
[Result "0-1"]
[WhiteElo "1587"]
[BlackElo "1830"]
[PlyCount "88"]
[GameId "2160767909703737"]
[EventDate "2011.07.09"]
[EventType "swiss"]
[EventRounds "9"]
[EventCountry "CAN"]
[SourceTitle "EXT 2022"]
[Source "ChessBase"]
[SourceDate "2021.10.06"]
[SourceVersion "1"]
[SourceVersionDate "2021.10.06"]
[SourceQuality "1"]

1. e4 c6 2. d4 d5 3. exd5 cxd5 4. c3 Nf6 5. Bf4 Nc6 6. Bd3 Bg4 7. Nf3 e6 8. h3 Bh5 9. Nbd2 Bd6 10. Bxd6 Qxd6 11. Qc2 Rc8 12. a3 Bg6 13. Bxg6 hxg6 14. Qd3 Nh5 15. Qe3 Nf4 16. Rg1 b5 17. Ne5 g5 18. Ndf3 Nxe5 19. Nxe5 a5 20. Nd3 Rb8 21. Nxf4 gxf4 22. Qd3 O-O 23. g3 b4 24. gxf4 Qxf4 25. Rg4 Qf6 26. axb4 axb4 27. Rb1 Rfc8 28. Rg3 Rc4 29. Ke2 Ra8 30. Qd1 bxc3 31. Rxc3 Rxd4 32. Qg1 Qf4 33. Rg3 Qe4+ 34. Re3 Qc2+ 35. Kf3 Rd2 36. Ree1 Qf5+ 37. Kg2 Rb8 38. b3 Rb4 39. Rec1 Rd3 40. Qh2 Rh4 41. Ra1 Rd2 42. Rf1 Rh6 43. Rae1 Rg6+ 44. Kh1 Qf3+ 0-1

[Event "CAN-op U2000 (Pinnacle 48th CAN Op Ch)"]
[Site "Toronto CAN"]
[Date "2011.07.14"]
[Round "6"]
[White "Cmilovic, Grisha"]
[Black "O'Sullivan, Patrick"]
[Result "0-1"]
[WhiteElo "1618"]
[BlackElo "1758"]
[PlyCount "84"]
[GameId "2160767909703738"]
[EventDate "2011.07.09"]
[EventType "swiss"]
[EventRounds "9"]
[EventCountry "CAN"]
[SourceTitle "EXT 2022"]
[Source "ChessBase"]
[SourceDate "2021.10.06"]
[SourceVersion "1"]
[SourceVersionDate "2021.10.06"]
[SourceQuality "1"]

1. e4 c6 2. d4 d5 3. exd5 cxd5 4. c4 Nf6 5. Nc3 Nc6 6. Nf3 Bg4 7. Be3 e6 8. Be2 Be7 9. O-O O-O 10. a3 Bxf3 11. Bxf3 dxc4 12. Qa4 Rc8 13. Qxc4 Ne5 14. Qe2 Nxf3+ 15. Qxf3 Qb6 16. Qe2 Qb3 17. Rfc1 a6 18. Qc2 Qc4 19. Qe2 Qxe2 20. Nxe2 Nd5 21. Rxc8 Rxc8 22. Rc1 Rxc1+ 23. Nxc1 Bf6 24. Kf1 Kf8 25. Nd3 b6 26. Ke2 Be7 27. Nf4 Nxf4+ 28. Bxf4 Ke8 29. Bc7 b5 30. b4 Bg5 31. Kd3 Kd7 32. Bg3 Bc1 33. Kc3 Bxa3 34. Bf4 a5 35. bxa5 Kc6 36. Kb3 Be7 37. Bd2 Bd6 38. g3 Kb7 39. f4 g6 40. g4 Ka6 41. h4 f5 42. gxf5 gxf5 0-1

[Event "CAN-op U2000 (Pinnacle 48th CAN Op Ch)"]
[Site "Toronto CAN"]
[Date "2011.07.14"]
[Round "6"]
[White "Cooke, Matthew W"]
[Black "Sametova, Zhanna"]
[Result "1-0"]
[WhiteElo "1799"]
[BlackElo "1647"]
[PlyCount "115"]
[GameId "2160767909703739"]
[EventDate "2011.07.09"]
[EventType "swiss"]
[EventRounds "9"]
[EventCountry "CAN"]
[SourceTitle "EXT 2022"]
[Source "ChessBase"]
[SourceDate "2021.10.06"]
[SourceVersion "1"]
[SourceVersionDate "2021.10.06"]
[SourceQuality "1"]

1. d4 Nf6 2. Nf3 c5 3. g3 cxd4 4. Nxd4 g6 5. Bg2 Bg7 6. O-O O-O 7. c4 Nc6 8. Nxc6 bxc6 9. Qa4 Bb7 10. Nc3 d5 11. cxd5 cxd5 12. Rd1 e6 13. e4 Qe7 14. exd5 exd5 15. Bg5 d4 16. Nd5 Bxd5 17. Bxd5 Rad8 18. Rxd4 Qe5 19. Bf4 Qe7 20. Rad1 Nxd5 21. Rxd5 Rxd5 22. Rxd5 Bxb2 23. Be3 Rc8 24. Rd7 Qf8 25. Rxa7 Qd6 26. Qb3 Qf6 27. Bg5 Qg7 28. Qb7 Re8 29. Ra8 Rxa8 30. Qxa8+ Qf8 31. Qc6 Bg7 32. a4 Qb8 33. Be3 Qb1+ 34. Kg2 Qa2 35. Qa8+ Bf8 36. Bc5 Kg7 37. Bxf8+ Kf6 38. Qc6+ Qe6 39. Qf3+ Ke5 40. Qe3+ Kd5 41. Qxe6+ fxe6 42. a5 Kc6 43. Kf3 Kb5 44. Bb4 Ka6 45. Ke4 h5 46. h4 e5 47. Kxe5 Kb7 48. Kf6 Ka6 49. Kxg6 Kb7 50. f4 Ka6 51. f5 Kb7 52. f6 Ka6 53. f7 Ka7 54. f8=Q Kb7 55. Qd6 Ka8 56. Qc6+ Ka7 57. a6 Kb8 58. Qb7# 1-0

[Event "CAN-op U2000 (Pinnacle 48th CAN Op Ch)"]
[Site "Toronto CAN"]
[Date "2011.07.14"]
[Round "6"]
[White "Coren, Daniel"]
[Black "Todd, Adie"]
[Result "1-0"]
[WhiteElo "1738"]
[BlackElo "1665"]
[PlyCount "89"]
[GameId "2160767909703740"]
[EventDate "2011.07.09"]
[EventType "swiss"]
[EventRounds "9"]
[EventCountry "CAN"]
[SourceTitle "EXT 2022"]
[Source "ChessBase"]
[SourceDate "2021.10.06"]
[SourceVersion "1"]
[SourceVersionDate "2021.10.06"]
[SourceQuality "1"]

1. e4 c5 2. d4 cxd4 3. c3 dxc3 4. Nxc3 d6 5. Bc4 Nc6 6. Nf3 Nf6 7. e5 dxe5 8. Qxd8+ Nxd8 9. Nb5 Ne6 10. Bxe6 Bxe6 11. Nc7+ Kd8 12. Nxa8 Nd7 13. Be3 b6 14. b3 Bd5 15. Rd1 e6 16. Ng5 Bb4+ 17. Bd2 Bxd2+ 18. Rxd2 Rf8 19. Nxh7 Rh8 20. Ng5 Rf8 21. Nxb6 axb6 22. O-O Ke7 23. Rc1 Kd6 24. Ne4+ Ke7 25. Nc3 Nf6 26. b4 Rd8 27. a4 Ra8 28. f3 Bb3 29. Ra1 Nd5 30. Nxd5+ exd5 31. a5 bxa5 32. bxa5 d4 33. a6 f5 34. Rb2 Bd5 35. a7 d3 36. Kf2 e4 37. Rb8 Kd6 38. Rxa8 Bxa8 39. Rb1 Ke5 40. Rb8 Bd5 41. a8=Q Bxa8 42. Rxa8 Kd4 43. Ra4+ Kc3 44. fxe4 fxe4 45. Rxe4 1-0

[Event "CAN-op U2000 (Pinnacle 48th CAN Op Ch)"]
[Site "Toronto CAN"]
[Date "2011.07.14"]
[Round "6"]
[White "Del Duca, Giuseppe1"]
[Black "Gaffney, Kevin"]
[Result "0-1"]
[WhiteElo "1374"]
[BlackElo "1685"]
[PlyCount "70"]
[GameId "2160767909703741"]
[EventDate "2011.07.09"]
[EventType "swiss"]
[EventRounds "9"]
[EventCountry "CAN"]
[SourceTitle "EXT 2022"]
[Source "ChessBase"]
[SourceDate "2021.10.06"]
[SourceVersion "1"]
[SourceVersionDate "2021.10.06"]
[SourceQuality "1"]

1. e4 e5 2. Nf3 Nc6 3. Nc3 Nf6 4. d3 h6 5. Bd2 d5 6. a3 Bc5 7. h3 Be6 8. b4 Bd6 9. Be2 Qd7 10. Qb1 O-O 11. exd5 Nxd5 12. Ne4 Rae8 13. Qb2 f5 14. Nxd6 Qxd6 15. b5 e4 16. bxc6 exf3 17. gxf3 Qxc6 18. Rg1 Rf7 19. Bxh6 Kh7 20. Bd2 Bd7 21. Kf1 f4 22. c4 Bxh3+ 23. Ke1 Nb6 24. Rh1 Qxf3 25. Rxh3+ Qxh3 26. Kd1 f3 27. Bxf3 Qxf3+ 28. Kc2 Rd7 29. Be3 Qe2+ 30. Kc1 Qxd3 31. Qc2 Nxc4 32. Qxd3+ Rxd3 33. Kc2 Rxa3 34. Rb1 Raxe3 35. fxe3 Na3+ 0-1

[Event "CAN-op U2000 (Pinnacle 48th CAN Op Ch)"]
[Site "Toronto CAN"]
[Date "2011.07.14"]
[Round "6"]
[White "Garel, Rick"]
[Black "Haziprodromu, Sam"]
[Result "0-1"]
[WhiteElo "1942"]
[BlackElo "1843"]
[PlyCount "82"]
[GameId "2160767909703742"]
[EventDate "2011.07.09"]
[EventType "swiss"]
[EventRounds "9"]
[EventCountry "CAN"]
[SourceTitle "EXT 2022"]
[Source "ChessBase"]
[SourceDate "2021.10.06"]
[SourceVersion "1"]
[SourceVersionDate "2021.10.06"]
[SourceQuality "1"]

1. e4 e5 2. Nf3 Nc6 3. Bc4 Nf6 4. Ng5 d5 5. exd5 Na5 6. Bb5+ c6 7. dxc6 bxc6 8. Be2 h6 9. Nf3 e4 10. Ne5 Qd5 11. f4 exf3 12. Nxf3 Bd6 13. Nc3 Qh5 14. d4 Bg3+ 15. Kf1 O-O 16. Ne5 Qf5+ 17. Nf3 Bd6 18. Qd3 Qe6 19. Bd2 Bc7 20. b4 Nb7 21. Qc4 Qe8 22. Re1 Nd6 23. Qc5 Nde4 24. Nxe4 Nxe4 25. Qh5 Nxd2+ 26. Nxd2 Qe3 27. Nf3 Qf4 28. g3 Qd6 29. c3 a5 30. a3 axb4 31. axb4 Ra2 32. Ne5 Qf6+ 33. Kg1 Bxe5 34. Qxe5 Qg6 35. Bc4 Rc2 36. Qe3 Bh3 37. Bf1 Bxf1 38. Rxf1 Ra8 39. Rf2 Rxf2 40. Kxf2 Ra2+ 41. Kf3 Qf5+ 0-1

[Event "CAN-op U2000 (Pinnacle 48th CAN Op Ch)"]
[Site "Toronto CAN"]
[Date "2011.07.14"]
[Round "6"]
[White "Johnson, Perry V"]
[Black "Strugach, Alex"]
[Result "0-1"]
[WhiteElo "1846"]
[BlackElo "1963"]
[PlyCount "48"]
[GameId "2160767909703743"]
[EventDate "2011.07.09"]
[EventType "swiss"]
[EventRounds "9"]
[EventCountry "CAN"]
[SourceTitle "EXT 2022"]
[Source "ChessBase"]
[SourceDate "2021.10.06"]
[SourceVersion "1"]
[SourceVersionDate "2021.10.06"]
[SourceQuality "1"]

1. e4 e5 2. Nf3 Nf6 3. Nxe5 d6 4. Nf3 Nxe4 5. d4 d5 6. Bd3 Bd6 7. O-O O-O 8. c4 Bg4 9. h3 Bh5 10. cxd5 f5 11. Nc3 Nxc3 12. bxc3 Nd7 13. Be2 Bxf3 14. Bxf3 Qh4 15. c4 b6 16. Be3 Rae8 17. Qa4 Nf6 18. Rfe1 g5 19. Qc2 f4 20. Bd2 g4 21. hxg4 Nxg4 22. Bxg4 f3 23. Bh3 fxg2 24. Rxe8 Qxf2# 0-1

[Event "CAN-op U2000 (Pinnacle 48th CAN Op Ch)"]
[Site "Toronto CAN"]
[Date "2011.07.14"]
[Round "6"]
[White "Laporte, Richard"]
[Black "Bergeron, Florian"]
[Result "0-1"]
[WhiteElo "1606"]
[BlackElo "1728"]
[PlyCount "88"]
[GameId "2160767909703744"]
[EventDate "2011.07.09"]
[EventType "swiss"]
[EventRounds "9"]
[EventCountry "CAN"]
[SourceTitle "EXT 2022"]
[Source "ChessBase"]
[SourceDate "2021.10.06"]
[SourceVersion "1"]
[SourceVersionDate "2021.10.06"]
[SourceQuality "1"]

1. e4 Nf6 2. Nc3 d5 3. exd5 Nxd5 4. Nxd5 Qxd5 5. Nf3 Bg4 6. Be2 e6 7. O-O Nc6 8. c4 Qd7 9. b3 Be7 10. Bb2 O-O 11. Ne5 Nxe5 12. Bxg4 Bf6 13. Rb1 Nxg4 14. Qxg4 Bxb2 15. Rxb2 Rad8 16. Rd1 Qd3 17. Qf4 Qe2 18. Rdb1 Rd7 19. d4 Qd3 20. h3 Qxd4 21. Qf3 c6 22. Qh5 f5 23. Re2 e5 24. Rbe1 e4 25. Qh4 Rf6 26. Qf4 Qd6 27. Qc1 h6 28. c5 Qd5 29. b4 Rf8 30. Qa3 a6 31. Qg3 Kh7 32. Qe3 Rfd8 33. Kh2 Qd4 34. Qxd4 Rxd4 35. Re3 Rd3 36. Kg3 Rxe3+ 37. Rxe3 g5 38. f4 Kg6 39. fxg5 hxg5 40. Rc3 Kf6 41. Kf2 Ke5 42. Rg3 Kf4 43. Rc3 Rd2+ 44. Kf1 Rd3 0-1

[Event "CAN-op U2000 (Pinnacle 48th CAN Op Ch)"]
[Site "Toronto CAN"]
[Date "2011.07.14"]
[Round "6"]
[White "Leblanc, Paul"]
[Black "Moran-Venegas, Mario"]
[Result "1/2-1/2"]
[WhiteElo "1924"]
[BlackElo "1864"]
[PlyCount "145"]
[GameId "2160767909703745"]
[EventDate "2011.07.09"]
[EventType "swiss"]
[EventRounds "9"]
[EventCountry "CAN"]
[SourceTitle "EXT 2022"]
[Source "ChessBase"]
[SourceDate "2021.10.06"]
[SourceVersion "1"]
[SourceVersionDate "2021.10.06"]
[SourceQuality "1"]

1. d4 Nf6 2. c4 g6 3. g3 Bg7 4. Bg2 O-O 5. Nf3 d5 6. O-O c6 7. cxd5 cxd5 8. Nc3 Nc6 9. e3 h6 10. b3 Kh7 11. Bb2 Bg4 12. Qd2 Qd7 13. Ne5 Qe6 14. Nxg4 Qxg4 15. Nxd5 Nxd5 16. Bxd5 Rad8 17. Bxc6 bxc6 18. Rac1 Qf3 19. Qd1 Qd5 20. Qc2 Rc8 21. Qe2 Qa5 22. a3 Rfd8 23. b4 Qa4 24. Qc2 Qb5 25. Qc5 Qb7 26. Rc2 Rd5 27. Qc4 e6 28. Rfc1 a5 29. Bc3 axb4 30. Bxb4 e5 31. Bc3 exd4 32. Bxd4 Bxd4 33. exd4 Qd7 34. Qb3 Rxd4 35. Rc5 Rd3 36. Qa4 Rd4 37. Qb3 Rd3 38. R5c3 Rd2 39. Rf3 Rc7 40. Qc4 Rd1+ 41. Rxd1 Qxd1+ 42. Kg2 Qd5 43. Qxd5 cxd5 44. Rd3 Ra7 45. Kf3 Kg7 46. Ke3 Kf6 47. Kd4 Ke6 48. Kc5 Rc7+ 49. Kb6 Rc2 50. a4 Rxf2 51. Ra3 Kd6 52. Rb3 Ra2 53. a5 Ke5 54. a6 Ke4 55. a7 d4 56. Kb7 d3 57. a8=Q Rxa8 58. Kxa8 d2 59. Rb1 Ke3 60. Kb7 Ke2 61. Kc6 d1=Q 62. Rxd1 Kxd1 63. Kd6 Ke2 64. Ke7 Kf3 65. Kxf7 g5 66. Kg6 g4 67. Kh5 Kg2 68. Kxg4 Kxh2 69. Kh4 Kg2 70. g4 Kf3 71. Kh5 Kf4 72. Kxh6 Kxg4 73. Kg6 1/2-1/2

[Event "CAN-op U2000 (Pinnacle 48th CAN Op Ch)"]
[Site "Toronto CAN"]
[Date "2011.07.14"]
[Round "6"]
[White "Medvedev, Gennadi"]
[Black "Fletcher, David"]
[Result "1-0"]
[WhiteElo "1639"]
[BlackElo "1449"]
[PlyCount "94"]
[GameId "2160767909703746"]
[EventDate "2011.07.09"]
[EventType "swiss"]
[EventRounds "9"]
[EventCountry "CAN"]
[SourceTitle "EXT 2022"]
[Source "ChessBase"]
[SourceDate "2021.10.06"]
[SourceVersion "1"]
[SourceVersionDate "2021.10.06"]
[SourceQuality "1"]

1. e4 c5 2. Nf3 d6 3. c3 e5 4. Bc4 Qe7 5. d3 h6 6. h3 a6 7. Na3 Be6 8. Qb3 Bxc4 9. Nxc4 b5 10. Nb6 Qb7 11. Nxa8 Qxa8 12. O-O c4 13. Qc2 cxd3 14. Qxd3 Nf6 15. Re1 Be7 16. Nh2 Nbd7 17. Ng4 Nc5 18. Nxf6+ gxf6 19. Qf3 Ne6 20. a4 bxa4 21. Rxa4 Qc6 22. Ra1 Ng5 23. Bxg5 fxg5 24. Qd3 O-O 25. Rxa6 Qb7 26. Ra2 Qb3 27. Rea1 Rb8 28. Qd1 Qc4 29. Qa4 Qxa4 30. Rxa4 Rxb2 31. Ra8+ Kg7 32. Re8 Rb7 33. Rea8 Kf6 34. R8a7 Rb3 35. Rc1 Ke6 36. c4 Bd8 37. Raa1 Rd3 38. Kf1 Bb6 39. Ke2 Rd4 40. f3 Kd7 41. Ra8 Bd8 42. Ra7+ Bc7 43. c5 d5 44. exd5 Rxd5 45. Rd1 Rxd1 46. Kxd1 Kc6 47. Ke2 f6 1-0

[Event "CAN-op U2000 (Pinnacle 48th CAN Op Ch)"]
[Site "Toronto CAN"]
[Date "2011.07.14"]
[Round "6"]
[White "Muir, Tom"]
[Black "Jamshed, Musa"]
[Result "1-0"]
[WhiteElo "1571"]
[BlackElo "1850"]
[PlyCount "73"]
[GameId "2160767909703747"]
[EventDate "2011.07.09"]
[EventType "swiss"]
[EventRounds "9"]
[EventCountry "CAN"]
[SourceTitle "EXT 2022"]
[Source "ChessBase"]
[SourceDate "2021.10.06"]
[SourceVersion "1"]
[SourceVersionDate "2021.10.06"]
[SourceQuality "1"]

1. e4 e5 2. Nf3 Nc6 3. d4 exd4 4. Bc4 Bc5 5. c3 d3 6. Qxd3 d6 7. Bg5 f6 8. Bf4 Nge7 9. O-O Bg4 10. Nbd2 g5 11. Be3 Bxe3 12. Qxe3 Ng6 13. Nd4 Nce5 14. Be2 Nf4 15. Bxg4 Nxg4 16. Qg3 Qd7 17. Rfe1 O-O-O 18. Ne2 h5 19. Nxf4 h4 20. Qf3 Ne5 21. Qe3 gxf4 22. Qxf4 Nd3 23. Qxf6 Nxe1 24. Rxe1 Rdf8 25. Qd4 Rhg8 26. Nf1 Qf7 27. b3 Rxg2+ 28. Kxg2 Qf3+ 29. Kg1 Rg8+ 30. Ng3 h3 31. Kf1 Qg2+ 32. Ke2 Qxh2 33. Rh1 Qg2 34. Qe3 Rxg3 35. Qxg3 Qxe4+ 36. Qe3 Qxh1 37. Qe8# 1-0

[Event "CAN-op U2000 (Pinnacle 48th CAN Op Ch)"]
[Site "Toronto CAN"]
[Date "2011.07.14"]
[Round "6"]
[White "O'Bumsawin, Nicholas"]
[Black "Tonakanian, Stephan"]
[Result "0-1"]
[WhiteElo "1831"]
[BlackElo "1974"]
[PlyCount "52"]
[GameId "2160767909703748"]
[EventDate "2011.07.09"]
[EventType "swiss"]
[EventRounds "9"]
[EventCountry "CAN"]
[SourceTitle "EXT 2022"]
[Source "ChessBase"]
[SourceDate "2021.10.06"]
[SourceVersion "1"]
[SourceVersionDate "2021.10.06"]
[SourceQuality "1"]

1. Nf3 e6 2. b3 d5 3. Bb2 Nf6 4. e3 c5 5. d4 Nc6 6. Be2 Be7 7. O-O O-O 8. c4 cxd4 9. exd4 b6 10. Nc3 Bb7 11. Rc1 Rc8 12. Na4 dxc4 13. bxc4 Na5 14. Nd2 Bd6 15. c5 Bb8 16. Nb3 Qc7 17. f4 Qc6 18. d5 Qxa4 19. Nxa5 Qxd1 20. Rfxd1 bxa5 21. c6 Ba8 22. Ba6 Bxf4 23. Bxc8 Bxc1 24. Bxf6 Be3+ 25. Kf1 exd5 26. Rxd5 Bxc6 0-1

[Event "CAN-op U2000 (Pinnacle 48th CAN Op Ch)"]
[Site "Toronto CAN"]
[Date "2011.07.14"]
[Round "6"]
[White "Palmer, Jordan"]
[Black "Nasir, Zehn"]
[Result "1-0"]
[WhiteElo "1947"]
[BlackElo "1686"]
[PlyCount "68"]
[GameId "2160767909703749"]
[EventDate "2011.07.09"]
[EventType "swiss"]
[EventRounds "9"]
[EventCountry "CAN"]
[SourceTitle "EXT 2022"]
[Source "ChessBase"]
[SourceDate "2021.10.06"]
[SourceVersion "1"]
[SourceVersionDate "2021.10.06"]
[SourceQuality "1"]

1. e4 d5 2. exd5 Qxd5 3. Nc3 Qd6 4. Nf3 Nf6 5. Bc4 c6 6. O-O Bg4 7. Qe2 Nbd7 8. Re1 e6 9. h3 Bh5 10. d3 Qc7 11. Bg5 O-O-O 12. Qe3 Nb6 13. Bb3 h6 14. Bf4 Bd6 15. Bxd6 Rxd6 16. a4 a6 17. Ne5 Nfd5 18. Qg3 f6 19. Nc4 Nxc4 20. Bxc4 e5 21. Ne4 Rdd8 22. Rab1 Nf4 23. Qe3 Bf7 24. Qa7 Bxc4 25. dxc4 Qb8 26. Qb6 Qc7 27. Qa7 Qb8 28. Qe3 Rd4 29. b3 Rhd8 30. c5 Qc7 31. Nd6+ Kb8 32. b4 Nd5 33. Qa3 b6 34. Rb2 Rxd6 1-0

[Event "CAN-op U2000 (Pinnacle 48th CAN Op Ch)"]
[Site "Toronto CAN"]
[Date "2011.07.14"]
[Round "6"]
[White "Siddeley, Hugh"]
[Black "Doknjas, John"]
[Result "1/2-1/2"]
[WhiteElo "1996"]
[BlackElo "1997"]
[PlyCount "56"]
[GameId "2160767909703751"]
[EventDate "2011.07.09"]
[EventType "swiss"]
[EventRounds "9"]
[EventCountry "CAN"]
[SourceTitle "EXT 2022"]
[Source "ChessBase"]
[SourceDate "2021.10.06"]
[SourceVersion "1"]
[SourceVersionDate "2021.10.06"]
[SourceQuality "1"]

1. e4 c5 2. Nf3 d6 3. Bb5+ Bd7 4. Bxd7+ Qxd7 5. c4 Nf6 6. Nc3 Nc6 7. d4 cxd4 8. Nxd4 Qg4 9. Qxg4 Nxg4 10. Nxc6 bxc6 11. Bf4 Rb8 12. h3 Ne5 13. Bxe5 dxe5 14. O-O-O e6 15. Rd2 Bc5 16. Rhd1 Bd4 17. Kc2 Ke7 18. a3 c5 19. Rb1 Rhc8 20. Nd1 Rb6 21. Rd3 Rcb8 22. b3 Ra6 23. a4 Rab6 24. Rg3 g6 25. Rf3 f5 26. Nc3 Bxc3 27. Kxc3 a5 28. Re3 f4 1/2-1/2

[Event "CAN-op U2000 (Pinnacle 48th CAN Op Ch)"]
[Site "Toronto CAN"]
[Date "2011.07.14"]
[Round "6"]
[White "Sly, Douglas"]
[Black "Orenbach, Jonathan"]
[Result "1/2-1/2"]
[WhiteElo "1545"]
[BlackElo "1376"]
[PlyCount "70"]
[GameId "2160767909703752"]
[EventDate "2011.07.09"]
[EventType "swiss"]
[EventRounds "9"]
[EventCountry "CAN"]
[SourceTitle "EXT 2022"]
[Source "ChessBase"]
[SourceDate "2021.10.06"]
[SourceVersion "1"]
[SourceVersionDate "2021.10.06"]
[SourceQuality "1"]

1. d4 Nf6 2. Nf3 d5 3. Bf4 Nc6 4. e3 Bf5 5. Bd3 Bxd3 6. cxd3 Nh5 7. Bg3 Nxg3 8. hxg3 Qd6 9. Nc3 e5 10. dxe5 Nxe5 11. Nxe5 Qxe5 12. Rh5 f5 13. Qa4+ c6 14. d4 Qe6 15. O-O-O g6 16. Rh3 a6 17. Rdh1 h5 18. Ne2 Qe4 19. Qb3 b5 20. f3 Qe7 21. Qc3 Rc8 22. Nf4 Qf7 23. g4 fxg4 24. fxg4 Bd6 25. gxh5 gxh5 26. Rxh5 Rxh5 27. Rxh5 Bxf4 28. Rh8+ Kd7 29. Rxc8 Bxe3+ 30. Qxe3 Qf1+ 31. Kd2 Qxg2+ 32. Kc3 Kxc8 33. Qe8+ Kb7 34. Qe7+ Kb8 35. Qd8+ Kb7 1/2-1/2

[Event "CAN-op U2000 (Pinnacle 48th CAN Op Ch)"]
[Site "Toronto CAN"]
[Date "2011.07.14"]
[Round "6"]
[White "Solis, Jaime"]
[Black "Marks, Richard"]
[Result "1-0"]
[WhiteElo "1717"]
[BlackElo "1632"]
[PlyCount "141"]
[GameId "2160767909703753"]
[EventDate "2011.07.09"]
[EventType "swiss"]
[EventRounds "9"]
[EventCountry "CAN"]
[SourceTitle "EXT 2022"]
[Source "ChessBase"]
[SourceDate "2021.10.06"]
[SourceVersion "1"]
[SourceVersionDate "2021.10.06"]
[SourceQuality "1"]

1. e4 e6 2. d4 d5 3. Nc3 Nf6 4. e5 Nfd7 5. Nf3 c5 6. Bb5 Nc6 7. Bxc6 bxc6 8. O-O Qc7 9. Re1 cxd4 10. Qxd4 Bc5 11. Qg4 g6 12. Nd1 h5 13. Qf4 Nb6 14. Qf6 Rg8 15. Qf4 Bf8 16. c3 Bb7 17. Ne3 c5 18. Ng5 Bg7 19. Nd1 Nc4 20. Nf3 Rd8 21. b3 Nb6 22. Bb2 Rd7 23. Qe3 a5 24. Rc1 Bf8 25. Ng5 Qc6 26. Nh7 Bg7 27. f3 Rh8 28. Ng5 Bh6 29. h4 Nc8 30. Qf4 Bg7 31. Nf2 c4 32. bxc4 Qxc4 33. Qxc4 dxc4 34. Nfe4 Rd5 35. f4 Rb5 36. Ba3 Bxe4 37. Nxe4 Kd7 38. Red1+ Rd5 39. Re1 Ne7 40. Rb1 Nc6 41. Rb7+ Kd8 42. Rxf7 Rd7 43. Rxd7+ Kxd7 44. Nc5+ Kc8 45. Nxe6 Bh6 46. g3 Re8 47. Ng5 Bxg5 48. hxg5 Ne7 49. Re4 Nf5 50. Rxc4+ Kd7 51. Kh2 Rb8 52. Rc5 Rb1 53. Rxa5 Re1 54. Ra7+ Ke6 55. c4 Re2+ 56. Kh3 Re3 57. Ra6+ Kd7 58. e6+ Kc7 59. e7 Rxg3+ 60. Kh2 Re3 61. Rxg6 Kd7 62. Rg8 Nxe7 63. Bxe7 Kxe7 64. Rg6 Re4 65. Rf6 Rxc4 66. Kg3 Ra4 67. Kh4 Rxa2 68. Kxh5 Rh2+ 69. Kg6 Rh3 70. Ra6 Rh2 71. f5 1-0